Nommez ces gâteaux #2 - Statistiques

Statistiques générales
  • Ce quiz a été pris 51 fois
  • Le résultat moyen est 11 sur 16
Statistiques - réponses
Par images Réponse % Correct
Crêpes
98%
Gauffres
98%
Macarons
96%
Pancakes
96%
Île flottante
94%
Mille feuille
94%
Madeleines
92%
Fraisier
90%
Tiramisu
84%
Religieuse
78%
Opéra
67%
Profiteroles
67%
Rose des sables
39%
Kouign amann
31%
Queue de castor
10%
Pudding
8%
Aucun quiz correspondant
Distribution des résultats
% des personnes avec chaque résultat
Percentile par nombre de réponses
Votre historique - résultats
Vous n’avez pas pris ce quiz